| Tag |
First Indicator |
Second Indicator |
Subfields |
| LEADER |
00000cam a2200000 a 4500 |
| 001 |
in00000026047 |
| 005 |
20151007055804.0 |
| 008 |
870915s1987 at ab b 00110 eng d |
| 020 |
|
|
|a 0909605505
|
| 035 |
|
|
|a (OCoLC)16686070
|
| 035 |
|
|
|9 AAB9261AM
|
| 040 |
|
|
|a AGL
|c AGL
|d TXA
|d UtOrBLW
|
| 049 |
|
|
|a TXAM
|c [A12594494]
|
| 050 |
|
4 |
|a SB933.3
|b .W37 1987
|
| 070 |
0 |
|
|a SB933.3.W37
|
| 072 |
|
0 |
|a F821
|a F900
|
| 100 |
1 |
|
|a Waterhouse, D. F.
|q (Douglas Frew)
|
| 245 |
1 |
0 |
|a Biological control :
|b Pacific prospects /
|c D.F. Waterhouse, K.R. Norris.
|
| 264 |
|
1 |
|a Melbourne, Australia :
|b Inkata Press,
|c 1987.
|
| 300 |
|
|
|a viii, 454 pages :
|b illustrations, maps ;
|c 25 cm.
|
| 336 |
|
|
|a text
|b txt
|2 rdacontent
|
| 337 |
|
|
|a unmediated
|b n
|2 rdamedia
|
| 338 |
|
|
|a volume
|b nc
|2 rdacarrier
|
| 490 |
1 |
|
|a ACIAR monograph series
|
| 500 |
|
|
|a Issued without series statement.
|
| 504 |
|
|
|a Bibliography: pages 378-422.
|
| 500 |
|
|
|a Includes indexes.
|
| 536 |
|
|
|a Donated by Dr. Perry L. Adkisson, Chancellor Emeritus, Texas A&M University System Regents', Destinguished Professor Emeritus, Department of Entomology. Texas A&M University, 1997.
|
| 650 |
|
0 |
|a Insect pests
|x Biological control
|z Pacific area.
|
| 650 |
|
0 |
|a Weeds
|x Biological control
|z Pacific area.
|
| 700 |
1 |
|
|a Norris, K. R.
|q (Kenneth Richard)
|
| 830 |
|
0 |
|a ACIAR monograph series.
|
| 999 |
|
|
|a MARS
|
| 999 |
f |
f |
|s 3e592da3-fb3e-3606-b18c-87cbbbd050c6
|i 7e736260-f339-3c1b-bd06-c3934de0dcbd
|t 0
|
| 952 |
f |
f |
|p ric
|a Texas A&M University
|b Rellis Campus
|c Joint Library Facility
|d Remote Storage
|t 0
|e SB933.3 .W37 1987
|h Library of Congress classification
|i unmediated -- volume
|m A14812594494
|
| 998 |
f |
f |
|a SB933.3 .W37 1987
|t 0
|l Remote Storage
|